Normal view
MARC view
Entry Personal Name
001 - CONTROL NUMBER
- control field: 35301
003 - CONTROL NUMBER IDENTIFIER
- control field: dpl
005 - DATE AND TIME OF LATEST TRANSACTION
- control field: 20111007141305.0
008 - FIXED-LENGTH DATA ELEMENTS
- fixed length control field: 111007|||a|||||| | ||| d
040 ## - CATALOGING SOURCE
- Original cataloging agency: dpl
- Transcribing agency: dpl
100 ## - HEADING--PERSONAL NAME
- Personal name: Vijayan, N.
670 ## - SOURCE DATA FOUND
- Source citation: Work cat.: (dpl): Siromani, Sumitra 35299, Investing social studeis :, 2006
670 ## - SOURCE DATA FOUND
- Source citation: Work cat.: (dpl): Siromani, Sumitra 35299, Investing social studeis :, 2006
